000 00827nam a22002177a 4500
999 _c12305
_d12305
003 AR-CdUCM
008 190408b ||||| |||| 00| 0 spa d
040 _aMUNICIPALIDAD PROVINCIAL DEL CUSCO
_cBIBLIOTECA MUNICIPAL DEL CUSCO
082 _a346.02 /
_bOC31 / 1830
100 _aOchoa, Juan Eugenio de.
_930103
245 _aManual del abogado americano /
260 _aArequipa :
_bImprenta del gobierno,
_c1830.
300 _a325 paginas ;
_c15 cm.
500 _aDedicatoria
505 _aContenido : t.2 : Delas obligaciones que nacen de los delitos y cuasi delitos -- Modo de extinguirse las obligaciones -- De los delitos -- De la traición -- Del homicidio...
650 _aAbogado Americano
_930104
650 _aObligaciones
_99376
650 _aDerecho
_9739
942 _2ddc
_cLIBROS
945 _awnts
_d2019-04-08